The worship of God : (Record no. 5824)
[ view plain ]
| 000 -LEADER | |
|---|---|
| fixed length control field | 00788pam a2200265 a 4500 |
| 001 - CONTROL NUMBER | |
| control field | 8410919 |
| 003 - CONTROL NUMBER IDENTIFIER | |
| control field | OSt |
| 005 - DATE AND TIME OF LATEST TRANSACTION | |
| control field | 20190110110420.0 |
| 008 - FIXED-LENGTH DATA ELEMENTS--GENERAL INFORMATION | |
| fixed length control field | 820415s1982 miu b 001 0 eng |
| 010 ## - LIBRARY OF CONGRESS CONTROL NUMBER | |
| LC control number | 82007397 |
| 020 ## - INTERNATIONAL STANDARD BOOK NUMBER | |
| International Standard Book Number | 0802819346 (pbk.) : |
| Terms of availability | $7.95 |
| 035 ## - SYSTEM CONTROL NUMBER | |
| System control number | tcgc217022 |
| 035 ## - SYSTEM CONTROL NUMBER | |
| System control number | brn38801 |
| 040 ## - CATALOGING SOURCE | |
| Original cataloging agency | DLC |
| Transcribing agency | DLC |
| Modifying agency | OTC |
| 050 0# - LIBRARY OF CONGRESS CALL NUMBER | |
| Classification number | BV15 |
| Item number | .M34 1982 |
| 082 0# - DEWEY DECIMAL CLASSIFICATION NUMBER | |
| Classification number | 264 |
| Edition number | 19 |
| Item number | M379W |
| 100 1# - MAIN ENTRY--PERSONAL NAME | |
| Personal name | Martin, Ralph P. |
| 245 14 - TITLE STATEMENT | |
| Title | The worship of God : |
| Remainder of title | some theological, pastoral, and practical reflections / |
| Statement of responsibility, etc. | by Ralph P. Martin. |
| 260 ## - PUBLICATION, DISTRIBUTION, ETC. | |
| Place of publication, distribution, etc. | Grand Rapids, Mich. : |
| Name of publisher, distributor, etc. | W.B. Eerdmans Pub. Co., |
| Date of publication, distribution, etc. | c1982. |
| 300 ## - PHYSICAL DESCRIPTION | |
| Extent | ix, 237 p. ; |
| Dimensions | 21 cm. |
| 504 ## - BIBLIOGRAPHY, ETC. NOTE | |
| Bibliography, etc. note | Includes bibliographical references and indexes. |
| 650 #0 - SUBJECT ADDED ENTRY--TOPICAL TERM | |
| Topical term or geographic name entry element | Public worship. |
| 650 #0 - SUBJECT ADDED ENTRY--TOPICAL TERM | |
| Topical term or geographic name entry element | Liturgics. |
| 942 ## - ADDED ENTRY ELEMENTS (KOHA) | |
| Source of classification or shelving scheme | Dewey Decimal Classification |
| Koha item type | Books |
| Withdrawn status | Lost status | Source of classification or shelving scheme | Damaged status | Not for loan | Collection code | Home library | Current library | Shelving location | Date acquired | Cost, normal purchase price | Total Checkouts | Full call number | Barcode | Date last seen | Price effective from | Koha item type |
|---|---|---|---|---|---|---|---|---|---|---|---|---|---|---|---|---|
| Dewey Decimal Classification | Non-fiction | Harvest Mission College | Harvest Mission College | General Stacks | 10.01.2019 | 850.00 | 264 M379W | 006685 | 10.01.2019 | 10.01.2019 | Books |
